In depth (Record no. 120738)
[ view plain ]
| 000 -LEADER | |
|---|---|
| fixed length control field | 00789cai a22001815a 4500 |
| 001 - CONTROL NUMBER | |
| control field | L146002 |
| 008 - FIXED-LENGTH DATA ELEMENTS--GENERAL INFORMATION | |
| fixed length control field | 081201u xxkado f s 000 0 eng d |
| 035 ## - SYSTEM CONTROL NUMBER | |
| System control number | (Sirsi) u146002 |
| 041 0# - LANGUAGE CODE | |
| Language code of text/sound track or separate title | eng |
| 110 2# - MAIN ENTRY--CORPORATE NAME | |
| Corporate name or jurisdiction name as entry element | Financial Times |
| 9 (RLIN) | 1480 |
| 245 00 - TITLE STATEMENT | |
| Title | In depth |
| Remainder of title | UK house prices |
| Medium | [electronic resource] |
| 520 ## - SUMMARY, ETC. | |
| Summary, etc. | Financial microsite provides a range of articles and resources on the UK residential housing market. Also includes regional and national data and commentary on UK house builders. Free registration is required to view more than three articles in any 30 day period. |
| 590 ## - LOCAL NOTE (RLIN) | |
| Local note | KA |
| 651 #4 - SUBJECT ADDED ENTRY--GEOGRAPHIC NAME | |
| Geographic name | United Kingdom |
| Chronological subdivision | 1973- |
| 690 ## - LOCAL SUBJECT ADDED ENTRY--TOPICAL TERM (OCLC, RLIN) | |
| Topical term or geographic name as entry element | Residential property |
| 9 (RLIN) | 6266 |
| 856 40 - ELECTRONIC LOCATION AND ACCESS | |
| Uniform Resource Identifier | <a href="https://www.ft.com/indepth/ukhousing">https://www.ft.com/indepth/ukhousing</a> |
| Public note | View the website free of charge online at www.ft.com... |
| 942 ## - ADDED ENTRY ELEMENTS (KOHA) | |
| Suppress in OPAC | 0 |
| Withdrawn status | Lost status | Source of classification or shelving scheme | Damaged status | Not for loan | Home library | Current library | Shelving location | Date acquired | Total Checkouts | Full call number | Barcode | Date last seen | Copy number | Price effective from | Koha item type |
|---|---|---|---|---|---|---|---|---|---|---|---|---|---|---|---|
| Dewey Decimal Classification | Virtual | Virtual | Online | 01/12/2008 | ONLINE PUBLICATION | 146002-1001 | 06/08/2019 | 1 | 06/08/2019 | Online material |